Who wrote these famous books? - Statistics

General Stats
  • This quiz has been taken 3,817 times
    3,236 since last reset
  • The average score is 46 of 94
Answer Stats
Hint Answer % Correct
Iliad Homer
96%
Romeo and Juliet William Shakespeare
96%
Nineteen Eighty-Four George Orwell
90%
Harry Potter and the Philosopher's Stone J. K. Rowling
90%
The Lord of the Rings J. R. R. Tolkien
90%
Mein Kampf Adolf Hitler
89%
The Communist Manifesto Karl Marx
86%
Pride and Prejudice Jane Austen
85%
War and Peace Leo Tolstoy
84%
Frankenstein Mary Shelley
83%
On the Origin of Species Charles Darwin
82%
Oliver Twist Charles Dickens
82%
Divine Comedy Dante Alighieri
81%
Wuthering Heights Emily Brontë
77%
The Great Gatsby F. Scott Fitzgerald
77%
Les Misérables Victor Hugo
75%
Jane Eyre Charlotte Brontë
74%
Alice's Adventures in Wonderland Lewis Carroll
73%
The Diary of a Young Girl Anne Frank
72%
The Old Man and the Sea Ernest Hemingway
72%
Crime and Punishment Fyodor Dostoevsky
72%
Dracula Bram Stoker
71%
The Adventures of Tom Sawyer Mark Twain
71%
Don Quixote Miguel de Cervantes
71%
The Da Vinci Code Dan Brown
69%
To Kill a Mockingbird Harper Lee
69%
Ulysses James Joyce
68%
The Catcher in the Rye J. D. Salinger
67%
The Picture of Dorian Gray Oscar Wilde
66%
The Metamorphosis Franz Kafka
65%
The Three Musketeers Alexandre Dumas
64%
____'s Anatomy Henry Gray
64%
The Grapes of Wrath John Steinbeck
63%
Twenty Thousand Leagues Under the Seas Jules Verne
63%
The Lion, the Witch and the Wardrobe C. S. Lewis
62%
The Jungle Book Rudyard Kipling
62%
Moby-Dick Herman Melville
61%
The Little Mermaid Hans Christian Andersen
60%
The Prince Niccolò Machiavelli
59%
Republic Plato
59%
Lolita Vladimir Nabokov
59%
The Canterbury Tales Geoffrey Chaucer
58%
The Hound of the Baskervilles Arthur Conan Doyle
57%
One Hundred Years of Solitude Gabriel Garcia Márquez
57%
Brave New World Aldous Huxley
56%
A Game of Thrones George R. R. Martin
55%
Robinson Crusoe Daniel Defoe
52%
Gulliver's Travels Jonathan Swift
49%
Treasure Island Robert Louis Stevenson
49%
The Art of War Sun Tzu
49%
Book of Mormon Joseph Smith
48%
Paradise Lost John Milton
47%
Fahrenheit 451 Ray Bradbury
47%
The Stranger Albert Camus
46%
Twilight Stephenie Mayer
45%
The Wealth of Nations Adam Smith
44%
The War of the Worlds H. G. Wells
44%
Aeneid Virgil
44%
Uncle Tom's Cabin Harriet Beecher Stowe
43%
Madame Bovary Gustave Flaubert
42%
Principia Mathematica Isaac Newton
41%
Gone with the Wind Margaret Mitchell
41%
The Little Prince Antoine de Saint-Exupéry
40%
Dune Frank Herbert
40%
Faust Johann Wolfgang von Goethe
39%
The Wizard of Oz Frank L. Baum
38%
The Name of the Rose Umberto Eco
38%
Charlotte's Web E. B. White
36%
The Alchemist Paulo Coelho
36%
Metamorphoses Ovid
35%
Thus Spoke Zarathustra Friedrich Nietzsche
34%
Waiting for Godot Samuel Beckett
34%
Antigone Sophocles
25%
The Decameron Giovanni Boccaccio
22%
Tao Te Ching Laozi
22%
The Master and Margarita Mikhail Bulgakov
19%
Elements Euclid
18%
Eugene Onegin Alexander Pushkin
17%
Commentarii de Bello Gallico Julius Caesar
16%
The Adventures of Pinocchio Carlo Collodi
14%
Theogony Hesiod
8%
The Tale of Genji Murasaki Shikibu
7%
Kalevala Elias Lönnrot
5%
Life Is a Dream Pedro Calderón de la Barca
5%
Clash of Civilizations Samuel P. Huntington
5%
Dream of the Red Chamber Cao Xueqin
4%
Almagest Claudius Ptolemy
4%
Shahnameh Ferdowsi
4%
Kama Sutra Vatsyayana Mallanaga
3%
Journey to the West Wu Cheng'en
3%
Romance of the Three Kingdoms Luo Guanzhong
2%
Sahih _-_____ Muhammad al-Bukhari
2%
Panchatantra Vishnu Sharma
2%
Kojiki Ō no Yasumaro
1%
No matching quizzes found
Score Distribution
Percent of People with Each Score
Percentile by Number Answered
Your Score History
You have not taken this quiz since the last reset